| 000 | 00406nam a2200133Ia 4500 | ||
|---|---|---|---|
| 008 | 220217s9999||||xx |||||||||||||| ||und|| | ||
| 020 | _a0-07-463841-6 | ||
| 082 | _a004.165 RAY | ||
| 100 | _aRay, Ajoy Kumar Bhurchandi, Kishor.M | ||
| 245 | 0 | _aAdvanced microprocessors and peripherals: Architecture progr | |
| 260 |
_aTata mcgraw hill _bNew Delhi _c2003 |
||
| 300 | _b225 | ||
| 650 | _aMICROPROCESSOR | ||
| 999 |
_c170971 _d170971 |
||